| 000 | 00663nam a2200229 a 4500 | ||
|---|---|---|---|
| 005 | 20240228063735.0 | ||
| 008 | 010710s1988 mx r 000 0 spa d | ||
| 020 | _a968847200X | ||
| 035 | _aUPN01000109451 | ||
| 049 | _aI | ||
| 050 | 4 |
_aPN6110 A44 _bP32 |
|
| 100 | 1 |
_aPaso, Fernando del, _d1935- _928598 |
|
| 245 | 1 | 0 |
_aDe la A a la Z por un poeta / _cFernando del Paso ; il. Ignacio Junquera. |
| 260 |
_aMéxico : _bOrigen _c1988. |
||
| 300 |
_aca. 90 p. : _bil. |
||
| 650 | 4 |
_aRimas infantiles _910247 |
|
| 650 | 7 |
_aPoesía infantil _2 _91259 |
|
| 901 | _a154105/154106 ej.2/154107 ej.3 | ||
| 902 | _aMCM/tgg. | ||
| 905 | _aInfantil | ||
| 999 |
_c83362 _d83362 |
||